Vista normal
Vista MARC
Entrada Término temático
Número de registros utilizados en: 1
001 - NÚMERO DE CONTROL
- campo de control: 74290
003 - IDENTIFICADOR DEL NÚMERO DE CONTROL
- campo de control: OSt
005 - FECHA Y HORA DE LA ÚLTIMA TRANSACCIÓN
- campo de control: 20200615040246.0
008 - DATOS DE LONGITUD FIJA
- campo de control de longitud fija: 200615|| aca||aabn | a|a d
040 ## - FUENTE DE LA CATALOGACIÓN
- Centro catalogador/agencia de origen: OSt
- Centro/agencia transcriptor: OSt
150 ## - ENCABEZAMIENTO--TÉRMINO DE MATERIA
- Término de materia o nombre geográfico como elemento de entrada: FERIA DEL LIBRO
- Subdivisión geográfica: REPÚBLICA DOMINICANA
- Subdivisión cronológica: 2001
670 ## - FUENTE DE DATOS ENCONTRADOS
- Cita de la fuente: Work cat.: (OSt)45759: Feria Internacional del Libro (4tª : 2001 : 23 abril al 6 de mayo : Santo Domingo, República Dominicana) 74288, IV Feria Internacional del Libro Santo Domingo 2001 :, 2001.
